| 000 | 01178nam a2200325Ia 4500 | ||
|---|---|---|---|
| 001 | 88399 | ||
| 005 | 20230411090046.0 | ||
| 008 | 990716s1998 ck 000 0 spa d | ||
| 035 | _a(OCoLC)ocm41887783 | ||
| 040 |
_aPIF _cPIF _dDIBAM |
||
| 020 |
_a9580444358 : _c$10.00 |
||
| 020 | _a9789580444350 | ||
| 035 | _a(OCoLC)41887783 | ||
| 041 | 1 |
_aspa _heng |
|
| 090 |
_aQA76.76.S64 _bZ4818 1998 |
||
| 049 | _aGRAL | ||
| 100 | 1 | _aZetlin, Minda. | |
| 245 | 1 | 3 |
_aEl año 2000 : _buna bomba de tiempo / _cMinda Zetlin; traducción María Mercedes Correa |
| 260 |
_aBogotá, Colombia : _bNorma, _cc1998. |
||
| 300 |
_a132 p. ; _c21 cm. |
||
| 500 | _aTranslation of: The computer time bomb: how to keep the century date change from killing your organization, c1998. | ||
| 500 | _a"Cómo impedir que el cambio de siglo acabe con el sistema de información de su empresa"--T.p. and cover. | ||
| 650 | 0 | _aYear 2000 date conversion (Computer system) | |
| 650 | 0 | _aSoftware maintenance. | |
| 650 | 7 |
_aMANTENCION DE SOFTWARE. _2renib |
|
| 650 | 7 |
_aCONVERSION DE FECHA AÑO 2000 (SISTEMAS COMPUTACIONALES) _2renib |
|
| 942 |
_2lcc _cbk |
||
| 994 |
_aC0 _bDRFGD |
||
| 946 | _aweb | ||
| 999 |
_c111753 _d111753 |
||